Elite saison 1 SPOILER ALERT - Statistiques

Statistiques générales
  • Ce quiz a été pris 54 fois
  • Le résultat moyen est 11 sur 15
Statistiques - réponses
Question Réponse % Correct
Quels sont les secrets d'Omar? Il est gay, il deal
98%
Qui a tué Marina? Polo
95%
Qui est le frère de Marina? Guzman
93%
De qui Marina tombe t'elle enceinte? Nano
93%
Pourquoi 3 nouveaux élèves font leurs apparitions au lycée de Las Encinas? Après l’effondrement du bâtiment de leur école
91%
Qui la marquise manipule-t'elle? Polo et Christian
89%
Pourquoi le tueur s'en est prit à Marina? Pour une montre
82%
Pourquoi Nano était en prison avant même le début de l'histoire? Vol et trafic de drogue
82%
Qui a contaminé Marina? (VIH) Pablo
75%
De quoi Marina menace t'elle son professeur pour qu'il ne dise à personne qu'elle se drogue? De faire annuler l'adoption
66%
Depuis quel âge, Carla et Polo sont ensembles? Depuis qu'ils ont 12 ans
57%
Qui révèle un des secrets d'Omar à son père? Azucena
41%
Pour qu'elle raison PRINCIPALE Guzman déteste t'il les nouveaux? Il les considères comme des gens inférieurs qui n'ont pas leur place dans son monde priviligié
41%
Comment tous le monde apprend que Marina a le VIH? A cause de Nadia
39%
Pourquoi Nadia finit défoncé à la soirée de Samuel? (question piège) Le ponch était beaucoup trop sucré
14%
Aucun quiz correspondant
Distribution des résultats
% des personnes avec chaque résultat
Percentile par nombre de réponses
Votre historique - résultats
Vous n’avez pas pris ce quiz